000 01172nam a2200265Ia 4500
003 Ost
005 20260507075218.0
008 260507s9999||||xx |||||||||||||| ||und||
020 _a48591199579
040 _cfsecg
041 _aara
082 _a330
100 _aالعزاوي، بشرى هاشم
_eمؤلف
245 0 _aالادارة بالذكاءات :
_bمنهج التميز الاستراتيجي و الاجتماعي للمنظمات /
_c بشرى هاشم العزاوي
260 _aعمان:
_bدار وائل,
_c2009
300 _a389 صفحة؛
_bإيضاحات ؛
_c24 سم
504 _aمراجع: لكل فصل مرجع
520 _aالمنظمات و الادارة والذكاء مع التطرق الى أنواع الذكاء الاستراتيجي والشعوري و التنافسي ذات الارتباط المباشر والصميمي بعمل المنظمات
653 _aإدارة الاعمال
653 _aالذكاء
653 _aالمنظمات
700 _aابراهيم، ابراهيم خليل
_eمؤلف ثانوي
700 _aصالح، احمد علي
_eمؤلف ثانوي
942 _cكتاب
999 _c43505
_d43505